Statistics for Difficult Flags

Click here to take the quiz!

General Stats

  • This quiz has been taken 16 times
  • The average score is 11 of 12

Answer Stats

Answer% Correct
Benin
94%
Cape Verde
94%
Djibouti
94%
Mauritania
94%
Namibia
94%
Rwanda
94%
Tanzania
94%
Togo
94%
Tuvalu
94%
Guinea
88%
Guinea-Bissau
88%
Gambia
81%

Score Distribution

Percentile by Number Answered

Percent of People with Each Score

Your Score History

You have not taken this quiz